000 003310000a22001570004500
003 MACL
040 _aMACL
090 _c6186
_d6185
100 _aBellow, Saul
245 _aAugie March
_bThe Adventures of
260 _bKalyani Publishers
_c1953
350 _a36
650 _aFiction
942 _cBOOK
_k3436
951 _o3436 BOOK
999 _c6138
_d6138